Chủ nghĩa hiện thực Nam Cao

Giới thiệu về con đường đến với chủ nghĩa hiện thực và quan điểm nghệ thuật của Nam Cao. Vấn đề loại hình và thi pháp, tư tưởng nhân đạo, nhân vật và nghệ thuật miêu tả tâm lí, nghệ thuật trần thuật trong các tác phẩm của Nam Cao...

Disgrifiad llawn

Wedi'i Gadw mewn:
Manylion Llyfryddiaeth
Prif Awdur: Trần Đăng Suyền
Fformat: Llyfr
Iaith:Vietnamese
Cyhoeddwyd: H. Nxb. Khoa học xã hội 2004
Rhifyn:In lần thứ 3
Pynciau:
Tagiau: Ychwanegu Tag
Dim Tagiau, Byddwch y cyntaf i dagio'r cofnod hwn!
Thư viện lưu trữ: Mạng thư viện Đại học Đà Nẵng
LEADER 01386nam a2200349 4500
001 000004169
003 299
005 20121211001258.0
008 110715s2004 viesd
020 |c 33000đ 
041 0 |a vie 
082 |a 895.922  |b TR-S 
100 0 |a Trần Đăng Suyền 
245 0 |a Chủ nghĩa hiện thực Nam Cao  |c Trần Đăng Suyền 
250 |a In lần thứ 3 
260 |a H.  |b Nxb. Khoa học xã hội  |c 2004 
300 |a 279tr  |c 20cm 
504 |a Thư mục: tr. 272-278 
520 |a Giới thiệu về con đường đến với chủ nghĩa hiện thực và quan điểm nghệ thuật của Nam Cao. Vấn đề loại hình và thi pháp, tư tưởng nhân đạo, nhân vật và nghệ thuật miêu tả tâm lí, nghệ thuật trần thuật trong các tác phẩm của Nam Cao 
653 |a Nam Cao 
653 |a Chủ nghĩa hiện thực 
910 |d 15/07/2011 
OWN |a LSP 
AVA |a UDN50  |b LSP  |d 895.922 TR-S  |e available  |t Error 5001 Not defined in file expand_doc_bib_avail.  |f 10  |g 0  |h N  |i 0  |k 1 
999 |a From the UDN01 
AVA |a UDN50  |b LSP  |d 895.922 TR-S  |e available  |t Error 5001 Not defined in file expand_doc_bib_avail.  |f 10  |g 0  |h N  |i 0  |k 1 
TYP |a Monograph 
TYP |a Printed language 
980 |a Mạng thư viện Đại học Đà Nẵng